[Event "Rated Blitz game"]
[Site "?"]
[Date "2021.05.24"]
[Round "?"]
[White "Carlseng"]
[Black "KinzyabulatovRenat"]
[Result "1-0"]
[WhiteElo "2495"]
[BlackElo "2356"]
[PlyCount "91"]
[EventDate "2021.??.??"]
[EventType "blitz"]

1. e4 e5 2. Nf3 d5 3. exd5 e4 4. Qe2 Nf6 5. d3 Qxd5 6. Nbd2 Nc6 7. dxe4 Qh5 8.
Qb5 Bc5 9. Be2 a6 10. Qd3 Bg4 11. Nb3 Rd8 12. Qc4 Bb6 13. Be3 Bxe3 14. fxe3 O-O
15. Nbd2 Rfe8 16. O-O-O Ne5 17. Qxc7 Rc8 18. Qxb7 Bxf3 19. Nxf3 Nc4 20. Bxc4
Rxc4 21. Qxa6 Qc5 22. Rd2 Nxe4 23. Re2 Rc8 24. Nd4 g6 25. Rd1 h5 26. Kb1 Rb4
27. Nb3 Qc7 28. Qa5 Qb7 29. Qd5 Rc6 30. a3 Nf6 31. axb4 Nxd5 32. Rxd5 Qxb4 33.
e4 Kg7 34. Rd4 Rc4 35. Red2 Rxd4 36. Rxd4 Qe1+ 37. Ka2 Qe2 38. Rd2 Qxe4 39. Nd4
Qe3 40. Nb3 h4 41. h3 g5 42. Ka3 Qa7+ 43. Kb4 Qb6+ 44. Kc4 f5 45. Nc5 Qxb2 46.
Rd7+ {Time forfeit} 1-0

[Event "Rated Blitz game"]
[Site "?"]
[Date "2021.05.24"]
[Round "?"]
[White "thunder04"]
[Black "annaly1979"]
[Result "0-1"]
[WhiteElo "2528"]
[BlackElo "2428"]
[PlyCount "36"]
[EventDate "2021.??.??"]
[EventType "blitz"]

1. e4 e5 2. Nf3 d5 3. Nxe5 Qe7 4. d4 f6 5. Ng4 Nc6 6. Ne3 Qxe4 7. c3 Nge7 8.
Bd3 Qh4 9. O-O Bd7 10. Qb3 O-O-O 11. Nxd5 Nxd5 12. Qxd5 Bd6 13. g3 Qh3 14. Qg2
h5 15. Be4 h4 16. Nd2 hxg3 17. fxg3 Qh5 18. Qf3 Qxh2# {Normal} 0-1

[Event "Rated Blitz game"]
[Site "?"]
[Date "2021.05.24"]
[Round "?"]
[White "CildirtmayinLanBeni"]
[Black "KinzyabulatovRenat"]
[Result "0-1"]
[WhiteElo "2546"]
[BlackElo "2405"]
[PlyCount "50"]
[EventDate "2021.??.??"]
[EventType "blitz"]

1. e4 e5 2. Nf3 d5 3. Nxe5 Bd6 4. d4 dxe4 5. Nc4 Nf6 6. Nc3 O-O 7. Be2 Nc6 8.
Be3 Bb4 9. Qd2 Nd5 10. a3 Bxc3 11. bxc3 f5 12. g3 Kh8 13. Bg5 Qe8 14. Ne3 Nce7
15. c4 Nf6 16. h4 h6 17. Kf1 hxg5 18. hxg5+ Nh7 19. Kg2 Qg6 20. Rh5 Kg8 21. c5
Be6 22. d5 Rad8 23. c4 Nxg5 24. Rah1 f4 25. gxf4 Nf3+ {Normal} 0-1

[Event "Rated Blitz game"]
[Site "?"]
[Date "2021.05.24"]
[Round "?"]
[White "KungViking"]
[Black "CristianS27"]
[Result "1-0"]
[WhiteElo "2410"]
[BlackElo "2469"]
[PlyCount "45"]
[EventDate "2021.??.??"]
[EventType "blitz"]

1. e4 e5 2. Nf3 d5 3. d3 Nf6 4. Nc3 Nc6 5. Bg5 Bb4 6. exd5 Qxd5 7. Nd2 Qe6 8.
g3 Nd4 9. Bg2 Bd7 10. O-O Bc6 11. a3 Bxg2 12. Kxg2 Qc6+ 13. Nf3 Be7 14. Be3
O-O-O 15. Bxd4 exd4 16. Ne2 g5 17. h3 h5 18. g4 hxg4 19. hxg4 Rh2+ 20. Kxh2
Qxf3 21. Ng3 Rh8+ 22. Kg1 Bd6 23. Qxf3 {Time forfeit} 1-0

[Event "Rated Blitz game"]
[Site "?"]
[Date "2021.05.24"]
[Round "?"]
[White "selendic95"]
[Black "TheMonsterNotTheNM"]
[Result "1-0"]
[WhiteElo "2460"]
[BlackElo "2433"]
[PlyCount "51"]
[EventDate "2021.??.??"]
[EventType "blitz"]

1. e4 e5 2. Nf3 d5 3. exd5 e4 4. Qe2 Nf6 5. Nc3 Be7 6. Nxe4 O-O 7. d3 Nxd5 8.
Qd1 f5 9. Ng3 g5 10. Be2 g4 11. Ne5 f4 12. Ne4 f3 13. gxf3 gxf3 14. Rg1+ Kh8
15. Bxf3 Nc6 16. Nxc6 bxc6 17. Bh6 Rg8 18. Kd2 Bf5 19. Rxg8+ Qxg8 20. Qg1 Qf7
21. Qg3 Bxe4 22. Bxe4 Bd6 23. Qf3 Qe6 24. Qh5 Rg8 25. Be3 Qf7 26. Qxf7 {Normal}
1-0

[Event "Rated Blitz game"]
[Site "?"]
[Date "2021.05.24"]
[Round "?"]
[White "MIDOGM"]
[Black "TheMonsterNotTheNM"]
[Result "1-0"]
[WhiteElo "2413"]
[BlackElo "2419"]
[PlyCount "123"]
[EventDate "2021.??.??"]
[EventType "blitz"]

1. e4 e5 2. Nf3 d5 3. exd5 e4 4. Qe2 Nf6 5. d3 Be7 6. dxe4 O-O 7. Nc3 c6 8.
dxc6 Nxc6 9. Be3 Bb4 10. Rd1 Qa5 11. Bd2 Bg4 12. Qb5 Bxc3 13. Bxc3 Qxa2 14.
Bxf6 gxf6 15. Be2 Ne5 16. Nxe5 Bxe2 17. Qxe2 fxe5 18. b3 Qa5+ 19. Qd2 Qa6 20.
Qd3 Qc6 21. O-O b5 22. Qg3+ Qg6 23. Qxe5 Rae8 24. Qxb5 Rxe4 25. Rd3 Rg4 26. g3
h5 27. Rfd1 h4 28. Rd6 Qg7 29. Qf5 Rg5 30. Qf4 Rg4 31. Qe3 hxg3 32. hxg3 a5 33.
Kg2 a4 34. bxa4 Rxa4 35. R1d4 Rfa8 36. Rd8+ Rxd8 37. Rxd8+ Kh7 38. Qd3+ Qg6 39.
Kf3 Ra6 40. Qxg6+ Kxg6 41. c4 Rc6 42. Rd4 Kf5 43. Rg4 f6 44. Re4 Kg5 45. Ke3
Ra6 46. Kd4 Ra2 47. Rf4 Kg6 48. Kd5 Rd2+ 49. Kc6 Kf7 50. c5 Ke6 51. Kb7 Kd7 52.
Rxf6 Rb2+ 53. Rb6 Rc2 54. c6+ Kd8 55. f4 Rg2 56. c7+ Ke7 57. c8=Q Kf7 58. Qc7+
Ke8 59. Re6+ Kf8 60. Qe7+ Kg8 61. Rg6+ Kh8 62. Qf6+ {Time forfeit} 1-0

[Event "Rated Blitz game"]
[Site "?"]
[Date "2021.05.24"]
[Round "?"]
[White "Never_Play_London"]
[Black "annaly1979"]
[Result "0-1"]
[WhiteElo "2587"]
[BlackElo "2440"]
[PlyCount "112"]
[EventDate "2021.??.??"]
[EventType "blitz"]

1. e4 e5 2. Nf3 d5 3. Nxe5 Qe7 4. d4 f6 5. Nd3 Nc6 6. Be3 dxe4 7. Nc5 f5 8. Nc3
Nf6 9. Be2 Qf7 10. d5 Ne5 11. O-O Bd6 12. Nb5 O-O 13. Nxd6 cxd6 14. Nb3 Nfg4
15. Bxg4 Nxg4 16. Bf4 Qf6 17. h3 Nh6 18. Qd2 Nf7 19. Qd4 Ne5 20. c4 b6 21. Rac1
Ba6 22. Rfe1 Rac8 23. Nd2 Nd3 24. Qxf6 Rxf6 25. Be3 Nxe1 26. Rxe1 f4 27. Bd4 e3
28. fxe3 fxe3 29. Rxe3 Rf4 30. Bc3 Bxc4 31. Re7 Bxd5 32. Rxg7+ Kf8 33. Rxh7 Re8
34. Kh2 Re2 35. Kg3 Rff2 36. Nb3 Rxg2+ 37. Kh4 Bf7 38. Nd2 Rxd2 39. Rh8+ Ke7
40. Bxd2 Rxd2 41. Ra8 a5 42. Ra7+ Kf6 43. b4 axb4 44. Rb7 Rxa2 45. Rxb6 Rb2 46.
Rxd6+ Be6 47. Rb6 b3 48. Kg3 Rc2 49. h4 b2 50. h5 Ke5 51. h6 Bf5 52. Rb5+ Kf6
53. Rb6+ Kg5 54. Kf3 Rh2 55. Ke3 b1=Q 56. Rxb1 Bxb1 {Normal} 0-1

[Event "Rated Blitz game"]
[Site "?"]
[Date "2021.05.24"]
[Round "?"]
[White "Evgeny_Pristalov"]
[Black "KinzyabulatovRenat"]
[Result "0-1"]
[WhiteElo "2432"]
[BlackElo "2383"]
[PlyCount "108"]
[EventDate "2021.??.??"]
[EventType "blitz"]

1. e4 e5 2. Nf3 d5 3. exd5 e4 4. Qe2 Nf6 5. d3 Qxd5 6. Nc3 Bb4 7. Bd2 Bxc3 8.
Bxc3 O-O 9. dxe4 Nxe4 10. Rd1 Nxc3 11. Rxd5 Nxe2 12. Bxe2 Be6 13. Rd2 Nc6 14.
O-O a6 15. a3 Rfe8 16. Rfd1 h6 17. h3 g5 18. b4 Bf5 19. c4 Kg7 20. c5 Re7 21.
Bc4 Rae8 22. Bd5 Be4 23. Bxc6 Bxc6 24. Nd4 Bd7 25. f3 Re3 26. Rd3 R8e5 27. Kf2
Rxd3 28. Rxd3 Kf6 29. Nc2 Bb5 30. Rd2 h5 31. Ne3 Bc6 32. g3 Ke6 33. h4 f6 34.
Rd4 Kf7 35. Nc4 Re7 36. Na5 Ke8 37. Nxc6 bxc6 38. Rd1 Re5 39. Rh1 gxh4 40. Rxh4
Ke7 41. f4 Rd5 42. Ke2 Kf7 43. Rh1 Kg6 44. Rh2 Rd4 45. Ke3 Rc4 46. Rh1 Rc3+ 47.
Ke4 Rxa3 48. f5+ Kg5 49. Rf1 Rxg3 50. Rh1 h4 51. Rf1 h3 52. Rh1 Kg4 53. Rf1 h2
54. Rh1 Kh3 {Time forfeit} 0-1

[Event "Rated Blitz game"]
[Site "?"]
[Date "2021.05.24"]
[Round "?"]
[White "arrubarena77"]
[Black "annaly1979"]
[Result "0-1"]
[WhiteElo "2515"]
[BlackElo "2406"]
[PlyCount "74"]
[EventDate "2021.??.??"]
[EventType "blitz"]

1. e4 e5 2. Nf3 d5 3. d4 dxe4 4. Nxe5 Bd6 5. Nc4 Nf6 6. Nc3 h6 7. h3 O-O 8. Be2
Bf5 9. Be3 Nc6 10. g4 Bg6 11. Rg1 Be7 12. h4 Nd5 13. Nxd5 Qxd5 14. Qd2 Bxh4 15.
O-O-O Rad8 16. Qc3 Bf6 17. Qb3 b5 18. Ne5 Qxb3 19. axb3 Bxe5 20. dxe5 a6 21.
Bf4 Nd4 22. Rge1 Ne6 23. Bg3 c5 24. c3 Rfe8 25. Rxd8 Rxd8 26. Rd1 Rxd1+ 27.
Bxd1 Kf8 28. Kd2 Ke7 29. Ke3 Kd7 30. Bc2 Ng5 31. Bf4 Ke6 32. b4 c4 33. Bxg5
hxg5 34. Kd4 e3 35. Bd1 exf2 36. Be2 Bd3 37. Ke3 f1=Q {Normal} 0-1

[Event "Rated Blitz game"]
[Site "?"]
[Date "2021.05.24"]
[Round "?"]
[White "DanOF"]
[Black "KinzyabulatovRenat"]
[Result "1-0"]
[WhiteElo "2425"]
[BlackElo "2411"]
[PlyCount "93"]
[EventDate "2021.??.??"]
[EventType "blitz"]

1. e4 e5 2. Nf3 d5 3. exd5 e4 4. Nd4 Nf6 5. Nc3 Bb4 6. Bc4 O-O 7. Qe2 c6 8. Bb3
cxd5 9. O-O Nc6 10. Nxc6 bxc6 11. d3 Ba6 12. Bg5 h6 13. Bh4 g5 14. Bg3 Re8 15.
Qd1 exd3 16. cxd3 Bd6 17. Qd2 Kg7 18. Rfe1 Qc7 19. Ne2 Bc8 20. Rac1 Bf5 21. Nd4
Bd7 22. Ba4 c5 23. Bxd7 Qxd7 24. Bxd6 cxd4 25. Ba3 Rxe1+ 26. Rxe1 Qf5 27. h3
Re8 28. Rxe8 Nxe8 29. Qb4 Nf6 30. Qxd4 a6 31. Be7 Kg6 32. Qxf6+ Qxf6 33. Bxf6
Kxf6 34. Kf1 Ke5 35. Ke2 Kd4 36. Kd2 a5 37. b3 f5 38. a3 h5 39. b4 axb4 40.
axb4 g4 41. h4 f4 42. g3 fxg3 43. fxg3 Ke5 44. b5 d4 45. Kc2 Kd5 46. Kb3 Kc5
47. Ka4 {Normal} 1-0

[Event "Rated Blitz game"]
[Site "?"]
[Date "2021.05.24"]
[Round "?"]
[White "Juancho17"]
[Black "magos33"]
[Result "0-1"]
[WhiteElo "2287"]
[BlackElo "2402"]
[PlyCount "64"]
[EventDate "2021.??.??"]
[EventType "blitz"]

1. e4 e5 2. Nf3 d5 3. Nxe5 Bd6 4. d4 dxe4 5. Bb5+ c6 6. Bc4 Bxe5 7. dxe5 Qxd1+
8. Kxd1 Ne7 9. Re1 Bf5 10. Nc3 Nd7 11. Nxe4 Bxe4 12. Rxe4 O-O-O 13. Ke1 Rhf8
14. Bg5 Rde8 15. Rd1 Ng6 16. e6 Nc5 17. e7 Nxe4 18. exf8=Q Rxf8 19. Be3 Ne5 20.
Be2 b6 21. f4 Nd7 22. Bf3 Re8 23. Kf1 f5 24. g4 g6 25. h4 Ndf6 26. gxf5 gxf5
27. Bd4 Nd5 28. Be5 Ne3+ 29. Ke2 Nxd1 30. Kxd1 Kd7 31. h5 Rxe5 32. Ke2 Re6 {
Time forfeit} 0-1

[Event "Rated Blitz game"]
[Site "?"]
[Date "2021.05.24"]
[Round "?"]
[White "joseag1303"]
[Black "KinzyabulatovRenat"]
[Result "0-1"]
[WhiteElo "2459"]
[BlackElo "2383"]
[PlyCount "40"]
[EventDate "2021.??.??"]
[EventType "blitz"]

1. e4 e5 2. Nf3 d5 3. Nxe5 Bd6 4. d4 dxe4 5. Bc4 Bxe5 6. Qh5 Qe7 7. dxe5 Nc6 8.
Bf4 Be6 9. Bb5 Qb4+ 10. Nc3 Qxb2 11. Bxc6+ bxc6 12. O-O Qxc3 13. Qg5 Ne7 14.
Rad1 Ng6 15. Bg3 O-O 16. h4 h6 17. Qc1 Nxe5 18. Qf4 Nc4 19. Qxc7 e3 20. Rd3
Qxc2 {Normal} 0-1

[Event "Rated Blitz tournament WCH2Yznu"]
[Site "?"]
[Date "2021.05.24"]
[Round "?"]
[White "zipper_the_fly"]
[Black "Schachelite"]
[Result "1-0"]
[WhiteElo "2299"]
[BlackElo "2460"]
[PlyCount "87"]
[EventDate "2021.??.??"]
[EventType "blitz"]

1. e4 e5 2. Nf3 d5 3. Nxe5 Bd6 4. exd5 Bxe5 5. d4 Bd6 6. Bd3 Nf6 7. c4 Bb4+ 8.
Nc3 Bxc3+ 9. bxc3 Qe7+ 10. Be3 Ng4 11. Qd2 Nxe3 12. fxe3 Bg4 13. O-O O-O 14. e4
Nd7 15. e5 Bh5 16. Rae1 Bg6 17. Be2 Qa3 18. Bg4 Nb6 19. Be2 Qa4 20. c5 Nxd5 21.
Bf3 c6 22. h4 h6 23. h5 Bh7 24. Bxd5 cxd5 25. Rf3 Be4 26. Rg3 Qc6 27. Rf1 f5
28. Rg6 Qd7 29. Qxh6 f4 30. Rg5 Rae8 31. Qd6 Qxd6 32. exd6 Kh7 33. Rf2 Kh6 34.
Rg4 f3 35. gxf3 Bxf3 36. Rg6+ Kh7 37. Rg5 Rf7 38. Rb2 Kh6 39. Re5 Bxh5 40. Rxe8
Rf3 41. Re6+ Kh7 42. d7 Rf8 43. Rxb7 Rd8 44. c6 {Normal} 1-0

[Event "Rated Blitz game"]
[Site "?"]
[Date "2021.05.24"]
[Round "?"]
[White "garri1976"]
[Black "KinzyabulatovRenat"]
[Result "1-0"]
[WhiteElo "2453"]
[BlackElo "2397"]
[PlyCount "97"]
[EventDate "2021.??.??"]
[EventType "blitz"]

1. e4 e5 2. Nf3 d5 3. Nxe5 Bd6 4. d4 dxe4 5. Nc4 Nf6 6. Nxd6+ Qxd6 7. Nc3 O-O
8. Be2 Nc6 9. Be3 Nd5 10. Nxd5 Qxd5 11. c3 f5 12. Qb3 Qxb3 13. axb3 f4 14. Bd2
Be6 15. b4 a5 16. b5 Ne7 17. O-O b6 18. Rfe1 Rae8 19. Bf1 Bd5 20. c4 Bb7 21. d5
Nc8 22. Bc3 Nd6 23. b3 Bc8 24. g3 g5 25. b4 axb4 26. Bxb4 Bg4 27. Ra7 Rf7 28.
gxf4 gxf4 29. Rxc7 Rxc7 30. Bxd6 Rg7 31. Bxf4 Bf3+ 32. Bg3 h5 33. h4 e3 34.
Rxe3 Rxe3 35. fxe3 Bxd5 36. Kf2 Rf7+ 37. Bf4 Be4 38. Be2 Bg6 39. Bf3 Kf8 40.
Bd5 Ra7 41. Be5 Bf7 42. Bc6 Bxc4 43. Bd4 Ra2+ 44. Kg3 Ke7 45. Bxb6 Kd6 46. Bd4
Ra1 47. Bf3 Rb1 48. b6 Bf7 49. Kf4 {Time forfeit} 1-0

[Event "Rated Blitz game"]
[Site "?"]
[Date "2021.05.24"]
[Round "?"]
[White "herichess5"]
[Black "TheMonsterNotTheNM"]
[Result "1-0"]
[WhiteElo "2460"]
[BlackElo "2434"]
[PlyCount "79"]
[EventDate "2021.??.??"]
[EventType "blitz"]

1. e4 e5 2. Nf3 d5 3. exd5 e4 4. Qe2 Nf6 5. Nc3 Be7 6. Nxe4 O-O 7. d3 Nxd5 8.
Be3 f5 9. Nc3 Nxc3 10. bxc3 Bf6 11. Qd2 Qe7 12. Be2 Re8 13. g3 f4 14. gxf4 Bh3
15. Rg1 c5 16. Ng5 Bf5 17. Bf3 h6 18. Ne4 Nc6 19. O-O-O c4 20. Nxf6+ Qxf6 21.
dxc4 Rad8 22. Bd5+ Kh8 23. Bd4 Nxd4 24. Qxd4 Qe7 25. Kb2 Rd6 26. c5 Ra6 27.
Rde1 Be6 28. Bxe6 Rd8 29. Bd5 Qf8 30. c4 Rf6 31. Re4 b6 32. c6 Qb4+ 33. Ka1 Rc8
34. Rge1 Qa3 35. Re8+ Rxe8 36. Rxe8+ Kh7 37. Qd3+ g6 38. Qxa3 h5 39. Qe7+ Kh6
40. Qxf6 {Normal} 1-0

[Event "Rated Blitz game"]
[Site "?"]
[Date "2021.05.24"]
[Round "?"]
[White "LGNR"]
[Black "TheMonsterNotTheNM"]
[Result "0-1"]
[WhiteElo "2435"]
[BlackElo "2400"]
[PlyCount "28"]
[EventDate "2021.??.??"]
[EventType "blitz"]

1. e4 e5 2. Nf3 d5 3. d4 dxe4 4. Nxe5 Bd6 5. Nc4 Nf6 6. Nxd6+ Qxd6 7. h3 Nc6 8.
Be3 Nd5 9. c4 Nxe3 10. fxe3 Qg3+ 11. Kd2 Bf5 12. Qe1 Qg5 13. Nc3 Nxd4 14. g4
Nf3+ {Normal} 0-1

[Event "Rated Blitz game"]
[Site "?"]
[Date "2021.05.24"]
[Round "?"]
[White "MIDOGM"]
[Black "TheMonsterNotTheNM"]
[Result "0-1"]
[WhiteElo "2425"]
[BlackElo "2407"]
[PlyCount "26"]
[EventDate "2021.??.??"]
[EventType "blitz"]

1. e4 e5 2. Nf3 d5 3. Nxe5 Bd6 4. d4 dxe4 5. f4 exf3 6. Nxf3 Bg4 7. Bc4 Qe7+ 8.
Qe2 Bxf3 9. gxf3 Nc6 10. Qxe7+ Ngxe7 11. Be3 Nf5 12. O-O Nxe3 13. Re1 Bf4 {
Normal} 0-1

[Event "Rated Blitz game"]
[Site "?"]
[Date "2021.05.24"]
[Round "?"]
[White "Kiselicki"]
[Black "DarthZannah"]
[Result "1/2-1/2"]
[WhiteElo "2506"]
[BlackElo "2517"]
[PlyCount "123"]
[EventDate "2021.??.??"]
[EventType "blitz"]

1. e4 e5 2. Nf3 d5 3. exd5 e4 4. Qe2 Nf6 5. d3 Qxd5 6. Nc3 Bb4 7. Bd2 Bxc3 8.
Bxc3 O-O 9. Ne5 Re8 10. dxe4 Nxe4 11. Rd1 Nxc3 12. Rxd5 Nxe2 13. Bxe2 Be6 14.
Rc5 c6 15. a3 Bd5 16. f4 Bxg2 17. Rg1 Bd5 18. Kf2 f6 19. Ng4 Kf7 20. Ne3 Be4
21. Bc4+ Kf8 22. b4 Nd7 23. Rh5 Nb6 24. Bb3 Bg6 25. Rh3 Rad8 26. f5 Bf7 27.
Bxf7 Kxf7 28. Rxh7 Rg8 29. Kf3 Rd2 30. Ng4 Kf8 31. Ne3 Nd7 32. Ke4 Kf7 33. Nc4
Rxc2 34. Nd6+ Kf8 35. Nxb7 Rc3 36. Rg3 Rxg3 37. hxg3 Ke7 38. Kd4 Kf7 39. Nd6+
Ke7 40. Ne4 Ne5 41. Nc5 Kf7 42. Ne6 Nf3+ 43. Ke4 Nd2+ 44. Kd3 Nf3 45. Ke3 Ne5
46. Ke4 Nc4 47. a4 Nd6+ 48. Kf4 Nc4 49. g4 a5 50. bxa5 Nxa5 51. g5 fxg5+ 52.
Kxg5 Nc4 53. Nd4 c5 54. Ne6 Nb6 55. Nxc5 Ra8 56. Ne6 Rxa4 57. Rxg7+ Ke8 58. Rb7
Nd7 59. f6 Ra5+ 60. Kg6 Nxf6 61. Kxf6 Rf5+ 62. Kxf5 {Normal} 1/2-1/2

[Event "Rated Blitz game"]
[Site "?"]
[Date "2021.05.24"]
[Round "?"]
[White "ScrappyCokko"]
[Black "khalid_ontawar"]
[Result "1/2-1/2"]
[WhiteElo "2393"]
[BlackElo "2452"]
[PlyCount "104"]
[EventDate "2021.??.??"]
[EventType "blitz"]

1. e4 e5 2. Nf3 d5 3. exd5 e4 4. Qe2 Nf6 5. Nc3 Bf5 6. Nd4 Bd7 7. d3 Bb4 8.
dxe4 Bxc3+ 9. bxc3 O-O 10. f3 Re8 11. Be3 c5 12. Nb3 b6 13. Qf2 Ba4 14. Be2 Qc7
15. O-O Nbd7 16. Rad1 Ne5 17. Qh4 Ng6 18. Qg3 Qb7 19. c4 Rad8 20. Bd3 a5 21.
Bc1 Ne5 22. Bb2 Qe7 23. f4 Nxd3 24. cxd3 Kh8 25. e5 Nd7 26. Rde1 Rg8 27. f5
Bxb3 28. axb3 Qf8 29. e6 fxe6 30. fxe6 Nf6 31. e7 Qf7 32. Re6 Rde8 33. Rexf6
gxf6 34. Bxf6+ Qxf6 35. Rxf6 Rxg3 36. hxg3 Rxe7 37. Rxb6 Re3 38. Rb5 Rxd3 39.
Kf2 Kg7 40. Rxc5 Rxb3 41. Rxa5 Rc3 42. Rc5 Kf6 43. Rc6+ Kf5 44. d6 Ke6 45. c5
h5 46. Rc7 Rc2+ 47. Kf3 Rc3+ 48. Kf4 Rc2 49. Re7+ Kf6 50. Rc7 Ke6 51. Rc8 Kd7
52. Rc7+ Ke6 {Normal} 1/2-1/2

[Event "Rated Blitz game"]
[Site "?"]
[Date "2021.05.24"]
[Round "?"]
[White "Elgranconejo"]
[Black "KinzyabulatovRenat"]
[Result "1/2-1/2"]
[WhiteElo "2456"]
[BlackElo "2390"]
[PlyCount "84"]
[EventDate "2021.??.??"]
[EventType "blitz"]

1. e4 e5 2. Nf3 d5 3. exd5 e4 4. Qe2 Nf6 5. Nc3 Be7 6. Nxe4 Nxd5 7. Qd1 Bf5 8.
d3 O-O 9. Be2 Nc6 10. O-O Re8 11. Ng3 Bg6 12. d4 Bf6 13. c3 Qd7 14. Re1 Re7 15.
Bc4 Rae8 16. Rxe7 Rxe7 17. Bxd5 Qxd5 18. Bf4 h5 19. h4 Be4 20. Nxe4 Rxe4 21.
Bg3 Ne7 22. Qb3 Qc6 23. Re1 Rxe1+ 24. Nxe1 Nf5 25. Nf3 Nxg3 26. fxg3 Be7 27.
Kh2 Bd6 28. Qd1 Qe4 29. Qe1 Qg4 30. Qe8+ Kh7 31. Qxf7 Bxg3+ 32. Kg1 Bf4 33. Qd5
c6 34. Qe4+ g6 35. Qe7+ Kg8 36. Qe8+ Kg7 37. Qe7+ Kh6 38. Qf8+ Kh7 39. Qf7+ Kh8
40. Qf8+ Kh7 41. Qf7+ Kh8 42. Qf8+ Kh7 {Normal} 1/2-1/2

[Event "Rated Blitz game"]
[Site "?"]
[Date "2021.05.24"]
[Round "?"]
[White "ak61"]
[Black "CristianS27"]
[Result "0-1"]
[WhiteElo "2579"]
[BlackElo "2464"]
[PlyCount "92"]
[EventDate "2021.??.??"]
[EventType "blitz"]

1. e4 e5 2. Nf3 d5 3. exd5 e4 4. Qe2 Nf6 5. d3 Bb4+ 6. c3 O-O 7. dxe4 Bc5 8.
Bg5 h6 9. Bxf6 gxf6 10. Nbd2 Re8 11. O-O-O f5 12. e5 Qxd5 13. Nb3 Qc6 14. Nxc5
Qxc5 15. Qb5 Qxb5 16. Bxb5 c6 17. Bc4 Be6 18. Bxe6 fxe6 19. Rd6 Kf7 20. Rhd1
Na6 21. b4 Nc7 22. c4 a5 23. b5 cxb5 24. cxb5 Nd5 25. R1xd5 exd5 26. Rf6+ Kg7
27. Rxf5 Rac8+ 28. Kd2 Rc4 29. Kd3 Ra4 30. Nd4 Ra3+ 31. Kd2 Rxa2+ 32. Ke3 a4
33. e6 a3 34. Rf7+ Kg6 35. f4 Ra1 36. f5+ Kh5 37. Kf4 Rf1+ 38. Nf3 Rxf3+ 39.
Kxf3 a2 40. g4+ Kg5 41. Rg7+ Kf6 42. Rg6+ Ke5 43. Rxh6 a1=Q 44. Kg3 Qe1+ 45.
Kh3 Ra8 46. f6 Ra3+ {Time forfeit} 0-1

[Event "Rated Blitz game"]
[Site "?"]
[Date "2021.05.24"]
[Round "?"]
[White "arvids_andrejevs"]
[Black "TheMonsterNotTheNM"]
[Result "0-1"]
[WhiteElo "2401"]
[BlackElo "2430"]
[PlyCount "102"]
[EventDate "2021.??.??"]
[EventType "blitz"]

1. e4 e5 2. Nf3 d5 3. exd5 e4 4. Ng1 Nf6 5. c4 c6 6. d3 cxd5 7. dxe4 Nxe4 8.
cxd5 Bb4+ 9. Bd2 Qa5 10. Bd3 Nxd2 11. Nxd2 O-O 12. Ne2 Qxd5 13. Qb3 Bxd2+ 14.
Kxd2 Qxg2 15. Rhg1 Qh3 16. Rg3 Qh6+ 17. f4 Nc6 18. Rag1 g6 19. Rxg6+ hxg6 20.
Rxg6+ Qxg6 21. Bxg6 Be6 22. Qg3 Rfd8+ 23. Bd3+ Kf8 24. Ke1 Nb4 25. Bb1 Rac8 26.
f5 Bc4 27. f6 Nd3+ 28. Bxd3 Rxd3 29. Qg7+ Ke8 30. Nf4 Re3+ 31. Kf2 Re5 32. h4
Kd7 33. h5 Rce8 34. h6 Rf5 35. Qg4 Be6 36. h7 Rxf6 37. Qf3 Rh8 38. Qd3+ Ke7 39.
Kg3 Rxh7 40. Qxh7 Rf5 41. Qh4+ Rf6 42. Nh5 Kd6 43. Qxf6 Kd5 44. Ng7 Kd6 45.
Qd8+ Kc6 46. Ne8 Kc5 47. Qd6+ Kc4 48. Kf4 b6 49. Ke5 Kb5 50. Qd4 Ka6 51. Nd6
Ka5 {Time forfeit} 0-1

[Event "Rated Blitz game"]
[Site "?"]
[Date "2021.05.24"]
[Round "?"]
[White "Elgranconejo"]
[Black "KinzyabulatovRenat"]
[Result "1-0"]
[WhiteElo "2448"]
[BlackElo "2392"]
[PlyCount "31"]
[EventDate "2021.??.??"]
[EventType "blitz"]

1. e4 e5 2. Nf3 d5 3. exd5 e4 4. Qe2 Nf6 5. Nc3 Be7 6. Nxe4 Nxd5 7. Qd1 O-O 8.
Be2 Nc6 9. O-O Bg4 10. d4 Re8 11. c3 f5 12. Ng3 Kh8 13. h3 h5 14. hxg4 hxg4 15.
Ne5 Bd6 16. Nf7+ {Normal} 1-0

[Event "Rated Blitz game"]
[Site "?"]
[Date "2021.05.24"]
[Round "?"]
[White "boX64"]
[Black "TheMonsterNotTheNM"]
[Result "0-1"]
[WhiteElo "2401"]
[BlackElo "2400"]
[PlyCount "35"]
[EventDate "2021.??.??"]
[EventType "blitz"]

1. e4 e5 2. Nf3 d5 3. exd5 e4 4. Qe2 Nf6 5. d3 Qxd5 6. Nbd2 Qa5 7. c3 a6 8.
Nxe4 Be6 9. Nxf6+ gxf6 10. Nd4 Qb6 11. Be3 Nd7 12. g3 Bd5 13. Nf3 Bxf3 14. Qxf3
Qxb2 15. Rc1 O-O-O 16. Bg2 Ne5 17. O-O Nxf3+ 18. Bxf3 {Normal} 0-1

[Event "Rated Blitz game"]
[Site "?"]
[Date "2021.05.24"]
[Round "?"]
[White "ourson37"]
[Black "DarthZannah"]
[Result "1-0"]
[WhiteElo "2362"]
[BlackElo "2519"]
[PlyCount "59"]
[EventDate "2021.??.??"]
[EventType "blitz"]

1. e4 e5 2. Nf3 d5 3. Nxe5 dxe4 4. d4 Nd7 5. Nxd7 Bxd7 6. Bc4 Bd6 7. Qe2 Nf6 8.
Bg5 O-O 9. O-O Re8 10. Nc3 h6 11. Bh4 Bf5 12. Bb3 c6 13. Rad1 b5 14. a3 a6 15.
d5 c5 16. Bg3 Bg4 17. Qe3 Bxd1 18. Rxd1 c4 19. Ba2 Ng4 20. Qd4 Bxg3 21. hxg3 f5
22. b3 cxb3 23. Bxb3 Qd6 24. a4 Rab8 25. axb5 axb5 26. Ne2 Kh7 27. Nf4 e3 28.
fxe3 Rxe3 29. Ne6 Qxg3 30. Qxg7# {Normal} 1-0

[Event "Rated Blitz tournament Ywn5nRW4"]
[Site "?"]
[Date "2021.05.24"]
[Round "?"]
[White "Lioni26"]
[Black "Madjrs72"]
[Result "1-0"]
[WhiteElo "2437"]
[BlackElo "2372"]
[PlyCount "121"]
[EventDate "2021.??.??"]
[EventType "blitz"]

1. e4 e5 2. Nf3 d5 3. exd5 e4 4. Ne5 Qxd5 5. d4 exd3 6. Nxd3 Nf6 7. Nc3 Qf5 8.
Bf4 Bd6 9. Bxd6 cxd6 10. Qd2 Nc6 11. O-O-O O-O 12. Qf4 d5 13. Qxf5 Bxf5 14. Nf4
d4 15. Nb5 Rad8 16. f3 a6 17. Na3 Nd5 18. Nxd5 Rxd5 19. Nc4 Rc5 20. Rd2 b5 21.
Nd6 Bg6 22. Bd3 Bxd3 23. Rxd3 Nb4 24. Rd2 d3 25. c3 Rd8 26. Ne4 Rcc8 27. Kb1
Nc6 28. Rhd1 Ne5 29. f4 Ng4 30. Rxd3 Rxd3 31. Rxd3 Nxh2 32. Rd7 Ng4 33. b4 h6
34. Kb2 Ne3 35. Nc5 Nxg2 36. f5 Ne3 37. f6 g5 38. Rd3 Nc4+ 39. Kb3 Ne5 40. Rh3
Ng4 41. Nxa6 Kh7 42. a4 bxa4+ 43. Kxa4 Nxf6 44. b5 g4 45. Rd3 Rc4+ 46. Ka5 Ne4
47. b6 Nxc3 48. b7 Ra4+ 49. Kb6 Ra1 50. Rxc3 Rb1+ 51. Kc6 f5 52. b8=Q Rxb8 53.
Nxb8 Kg6 54. Nd7 Kg5 55. Kd5 h5 56. Ne5 h4 57. Rc8 Kf4 58. Ng6+ Kg3 59. Rc3+
Kh2 60. Nxh4 f4 61. Ke4 {Normal} 1-0

[Event "Rated Blitz game"]
[Site "?"]
[Date "2021.05.24"]
[Round "?"]
[White "Lex6699"]
[Black "KamranShirazi"]
[Result "0-1"]
[WhiteElo "2531"]
[BlackElo "2564"]
[PlyCount "66"]
[EventDate "2021.??.??"]
[EventType "blitz"]

1. Nf3 e5 2. e4 d5 3. exd5 e4 4. Qe2 Nf6 5. Nc3 Be7 6. Nxe4 Nxd5 7. d4 O-O 8.
Qd1 Re8 9. Bd3 f5 10. Ned2 Bb4+ 11. Kf1 Nf4 12. Bc4+ Be6 13. c3 Bd6 14. Bxe6+
Nxe6 15. Nc4 h6 16. g3 f4 17. Kg2 Ng5 18. g4 Rf8 19. Nxg5 Qxg5 20. h4 Qd5+ 21.
Qf3 Qxc4 22. Qxb7 Nc6 23. Qb3 Na5 24. Qxc4+ Nxc4 25. Kf3 Rae8 26. b3 Ne3 27.
fxe3 fxe3+ 28. Ke2 Rf2+ 29. Kd3 e2 30. Be3 Rf3 31. Kxe2 Rexe3+ 32. Kd2 Bf4 33.
Kc2 Re2+ {Normal} 0-1

[Event "Rated Blitz game"]
[Site "?"]
[Date "2021.05.24"]
[Round "?"]
[White "MXP"]
[Black "PrincessOfFriendship"]
[Result "0-1"]
[WhiteElo "2525"]
[BlackElo "2636"]
[PlyCount "40"]
[EventDate "2021.??.??"]
[EventType "blitz"]

1. e4 e5 2. Nf3 d5 3. d4 dxe4 4. Nxe5 Bd6 5. Nc4 Nf6 6. Be2 O-O 7. O-O Nc6 8.
c3 Bf5 9. Nxd6 Qxd6 10. Na3 a6 11. Nc4 Qe6 12. Bf4 Nd5 13. Bg3 Bg6 14. Ne3 Rac8
15. Bc4 Nce7 16. Qb3 c6 17. Qxb7 f5 18. Be5 f4 19. Nxd5 cxd5 20. Qxa6 Rc6 {
Normal} 0-1